Intraspecific variation of stomatal density in Hevea brasiliensis Muell. Arg (Record no. 61592)

MARC details
000 -LEADER
fixed length control field 00450nam a2200145Ia 4500
100 ## - MAIN ENTRY--AUTHOR NAME
Personal name Senanayake Y D A
245 #0 - TITLE STATEMENT
Title Intraspecific variation of stomatal density in Hevea brasiliensis Muell. Arg
260 ## - PUBLICATION, DISTRIBUTION, ETC. (IMPRINT)
Name of publisher Rubber Research Institute of Ceylon Quarterly Journal
Year of publication 1970
300 ## - PHYSICAL DESCRIPTION
Number of Pages 61-68
650 ## - SUBJECT ADDED ENTRY--TOPICAL TERM
Topical Term Hevea brasiliensis
650 ## - SUBJECT ADDED ENTRY--TOPICAL TERM
Topical Term Stomatal density
700 ## - ADDED ENTRY--PERSONAL NAME
Personal name Samaranayake P
942 ## - ADDED ENTRY ELEMENTS (KOHA)
Koha item type Journals
Holdings
Withdrawn status Lost status Damaged status Not for loan Home library Current library Shelving location Date acquired Serial Enumeration / chronology Koha item type
      Journals RRII Library RRII Library Botany 17/12/2021 Volume 46, Issue 04-Mar Journals